UEFA Champions League Rekordtorschützen - Statistiken

Allgemein
  • Dieses Quiz wurde 170 mal gespielt
  • Das Durchschnittsergebnis liegt bei 16 aus 22
Antwortstatistiken
Tore Hat für diese Vereine CL gespielt Antwort % Korrekt
140 Manchester United, Real Madrid, Juventus Cristiano Ronaldo
100%
129 Barcelona, PSG Lionel Messi
99%
105 Borussia Dortmund, Bayern München, Barcelona Robert Lewandowski
99%
57 Bayern München Thomas Müller
93%
50 RB Salzburg, Borussia Dortmund, Manchester City Erling Haaland
92%
57 Monaco, PSG, Real Madrid Kylian Mbappé
92%
42 Tottenham Hotspur, Bayern München Harry Kane
91%
90 Olympique Lyon, Real Madrid Karim Benzema
90%
71 Real Madrid, Schalke 04 Raul
89%
50 Monaco, Arsenal, Barcelona Thierry Henry
76%
48 Basel, Chelsea, AS Roma, Liverpool Mohamed Salah
75%
48 Ajax, Juventus, Inter Mailand, Barcelona, AC Mailand, PSG Zlatan Ibrahimovic
75%
43 Barcelona, PSG Neymar
69%
42 Atletico Madrid, Barcelona Antoine Griezmann
67%
56 PSV Eindhoven, Manchester United, Real Madrid Ruud van Nistelrooy
64%
44 Olympique Marseille, Chelsea, Galatasaray Didier Drogba
59%
48 Dinamo Kyiv, Chelsea, AC Mailand Andrei Shevchenko
55%
42 Manchester City, Atletico Madrid Sergio Aguero
55%
46 Benfica Lissabon Eusebio
52%
42 Juventus Alessandro del Piero
48%
46 AC Mailand, Juventus Filippo Inzaghi
41%
49 Real Madrid Alfredo di Stefano
34%
Keine übereinstimmenden Quizze gefunden
Verteilung der Resultate
Anzahl Personen mit jedem Resultat
Perzentil nach korrekt beantworteten Fragen
Ihre Resultats-Entwicklung
Sie haben dieses Quiz noch nicht gespielt